| 000 | 00433nam a22001457a 4500 | ||
|---|---|---|---|
| 008 | 150827b xxu||||| |||| 00| 0 eng d | ||
| 020 | _a9782343059419 | ||
| 050 | _aPR9377.9.E8 E6 | ||
| 100 |
_aEkumeloko, Jean-Pierre Eyanga _918959 |
||
| 245 |
_aEnfin eclos d'un vase clos _cJean-Pierre Eyanga Ekumeloko |
||
| 260 |
_bL'Harmattan _c2015 |
||
| 300 |
_a207p. ; _c22cm. |
||
| 440 |
_aEcrire l'afrique _918960 |
||
| 942 |
_2lcc _cMONOGRAPH |
||
| 999 |
_c123145 _d123145 |
||